000
00331nam a2200133Ia 4500
008
220204s9999 xx 000 0 und d
082
_a
338.512
_b
DAS
100
_a
DASGUPTA, A K
245
0
_a
Cost benefit analysis
260
_a
London
_b
Macmillan
_c
1978
650
_a
Cost benefit analysis
700
_a
PEARCE, D W
942
_c
BK
999
_c
32791
_d
32791